| 000 | 00670nam a22002057a 4500 | ||
|---|---|---|---|
| 003 | LK-CoMWRAF | ||
| 005 | 20240701141608.0 | ||
| 008 | 240701b1993 |||||||| |||| 00| 0 eng d | ||
| 040 |
_aLK-CoMWRAF _dLK-CoMWRAF _eLK-CoMWRAF |
||
| 041 | _aeng | ||
| 082 |
_a331.1 _bROY |
||
| 100 | _aRoy, Aruna | ||
| 245 | _aLiving with dignity and social justice- rural workers rights to creative development | ||
| 260 | _c1993 | ||
| 300 |
_a120 p. _bBibliography included |
||
| 700 | _aDey, Nikhil | ||
| 700 | _aSingh, Shanker | ||
| 856 | _uhttps://www.yumpu.com/en/document/read/12201306/living-with-dignity-and-social-justice-mazdoor-kisan-shakti-#google_vignette | ||
| 942 | _cBK | ||
| 999 |
_c4956 _d4956 |
||